Sports Quiz

Random Sports or Soccer Quiz

World Cup by Appearances XIs (Since 2000) Quiz Stats

 Plays Quiz Updated Jul 26, 2018

Challenge
Share
Tweet
Embed
Score 0/88 Timer 15:00
17 Plays Today
% Correct
BrazilRonaldo (12)
90.5%
ItalyGianluigi Buffon (14)
89.5%
ArgentinaLionel Messi (19)
88.9%
SpainIker Casillas (17)
87.5%
SpainXavi (15)
84.8%
EnglandWayne Rooney (11)
83.3%
BrazilRonaldinho - Kaká (10)
82.8%
GermanyManuel Neuer (16)
82.4%
EnglandSteven Gerrard (12)
81.3%
SpainDavid Villa (12)
79.5%
SpainFernando Torres (14)
78.8%
GermanyMiroslav Klose (24)
78%
FranceThierry Henry (11)
78%
NetherlandsRobin van Persie (17)
77.9%
GermanyPhilipp Lahm (20)
77.6%
SpainSergio Ramos (17)
77.5%
SpainGerard Piqué (12)
77.2%
SpainAndrés Iniesta (14)
76.6%
EnglandJohn Terry (9)
75.8%
NetherlandsRobben - Kuyt (15)
75%
SpainCarles Puyol (14)
73.9%
EnglandAshley Cole (14)
72.9%
ItalyAndrea Pirlo (11)
71.9%
EnglandRio Ferdinand (10)
71.5%
FranceGriezmann - Giroud (12)
71.4%
EnglandLampard - Beckham (10)
71.1%
EnglandJordan Pickford (7)
70%
FranceHugo Lloris (14)
69.8%
BrazilGilberto Silva (16)
69.6%
EnglandJoe Cole (8)
68.7%
% Correct
BrazilJuan - Carlos (10)
68%
BrazilCafu (11)
67.2%
ArgentinaSergio Agüero (12)
67%
GermanyBastian Schweinsteiger (20)
66.9%
EnglandMichael Owen (8)
66.3%
FrancePaul Pogba (11)
65.4%
ItalyZambrotta - Cannavaro (13)
63.4%
ItalyFrancesco Totti (11)
63.2%
NetherlandsWesley Sneijder (17)
62.9%
BrazilRivaldo (7)
61.7%
GermanyThomas Müller (16)
61.4%
ItalyAlessandro Del Piero (8)
58.8%
FranceRaphaël Varane (12)
58.5%
SpainXabi - Busquets (13)
57.7%
ArgentinaJavier Mascherano (20)
55.8%
ItalyNesta - Chiellini - Grosso (6)
55.2%
SpainRaúl (8)
53.8%
FranceMatuidi - Vieira - Ribéry (10)
53.1%
GermanyLukas Podolski (15)
52.3%
BrazilJúlio César (12)
52.3%
ArgentinaSergio Romero (12)
51.9%
FranceThuram - Gallas (10)
51.4%
ArgentinaGonzalo Higuaín (14)
51.1%
EnglandMaguire - Stones (7)
50.7%
EnglandSterling - Heskey (9)
50.5%
BrazilLúcio (17)
50.3%
GermanyMesut Özil (16)
49.8%
ItalyMaterazzi - Barzagli (5)
49.7%
ItalyGennaro Gattuso (9)
47.3%
GermanyPer Mertesacker (19)
45.2%
% Correct
NetherlandsMark van Bommel (10)
44.2%
NetherlandsNigel De Jong (11)
43.9%
NetherlandsCillessen - Stekelenburg (7)
42.7%
NetherlandsBronckhorst - Heitinga (10)
40.7%
BrazilRobinho (8)
40.6%
ArgentinaÁngel di María (13)
40.2%
ItalyDaniele De Rossi (8)
39.1%
NetherlandsKlaas Jan Huntelaar (7)
37.2%
SpainCapdevila - Alba (7)
33.2%
NetherlandsBlind - Vlaar - De Vrij (7)
30.5%
FranceClaude Makélélé (8)
29.7%
NetherlandsBoulahrouz - Poortvliet - Indi (6)
29.3%
BrazilDani Alves (9)
28.9%
FranceHernández - Sagnol (7)
28.1%
FranceÉric Abidal (8)
26.6%
ArgentinaOtamendi - Zabaleta - Garay - Sorin (7)
25.7%
ArgentinaBurdisso - Heinze (8)
24.8%
GermanySchneider - Khedira - Kroos (14)
23.9%
GermanyJérôme Boateng (14)
22.9%
ArgentinaWalter Samuel (5)
22.4%
GermanyFriedrich - Metzelder (13)
21.8%
BrazilRamires (11)
21.5%
ItalyAlberto Gilardino (7)
20.7%
ArgentinaMaxi Rodríguez (12)
19.7%
NetherlandsJoris Mathijsen (9)
17.5%
FranceMbappé - Govou (7)
13.4%
ArgentinaMarcos Rojo (9)
11.3%
ItalyChristian Panucci (3)
7.3%

You're not logged in!

Compare scores with friends on all Sporcle quizzes.
OR
Log In

You Might Also Like...

Show Comments

Extras

Top Quizzes Today


Score Distribution

Your Account Isn't Verified!

In order to create a playlist on Sporcle, you need to verify the email address you used during registration. Go to your Sporcle Settings to finish the process.

Report this User

Report this user for behavior that violates our Community Guidelines.

Details: